Pancha nadigalla nadinalli. (Record no. 101957)

MARC details
000 -LEADER
fixed length control field 00612nam a2200193Ia 4500
003 - CONTROL NUMBER IDENTIFIER
control field OSt
005 - DATE AND TIME OF LATEST TRANSACTION
control field 20260603091630.0
008 - FIXED-LENGTH DATA ELEMENTS--GENERAL INFORMATION
fixed length control field 210210b1996 xxu||||| |||| 00| 0 eng d
040 ## - CATALOGING SOURCE
Transcribing agency AL
041 ## - LANGUAGE CODE
Language code of text/sound track or separate title Kannada
082 ## - DEWEY DECIMAL CLASSIFICATION NUMBER
Classification number 915.404K KARP
100 ## - MAIN ENTRY--PERSONAL NAME
Personal name KARNATAKA SAHITYA AKADEMI.
Dates associated with a name ಕರ್ನಾಟಕ ಸಾಹಿತ್ಯ ಅಕಾಡೆಮಿ
9 (RLIN) 265035
245 ## - TITLE STATEMENT
Title Pancha nadigalla nadinalli.
Remainder of title ಪಂಚ ನಾಡಿಗಲ್ಲ ನಾಡಿನಲ್ಲಿ
260 ## - PUBLICATION, DISTRIBUTION, ETC.
Place of publication, distribution, etc. Bengaluru
Name of publisher, distributor, etc. Karnataka Sahitya Akademi
Date of publication, distribution, etc. 1996
300 ## - PHYSICAL DESCRIPTION
Extent x,156
690 ## - LOCAL SUBJECT ADDED ENTRY--TOPICAL TERM (OCLC, RLIN)
Topical term or geographic name as entry element Travel
9 (RLIN) 265036
906 ## - LOCAL DATA ELEMENT F, LDF (RLIN)
a 054059
942 ## - ADDED ENTRY ELEMENTS (KOHA)
Source of classification or shelving scheme Dewey Decimal Classification
Koha item type Book
Holdings
Withdrawn status Lost status Source of classification or shelving scheme Damaged status Not for loan Collection code Home library Current library Shelving location Date acquired Cost, normal purchase price Total Checkouts Full call number Barcode Date last seen Price effective from Koha item type
    Dewey Decimal Classification     Others St Aloysius Library St Aloysius Library Secondary stack section 02/17/2021 25.00   915.404K KARP 054059 02/17/2021 02/17/2021 Book